| Tag |
First Indicator |
Second Indicator |
Subfields |
| LEADER |
00000nam a2200000 i 4500 |
| 001 |
in00004641925 |
| 006 |
m o d f |
| 007 |
cr ||||||||||| |
| 008 |
221006s2014 vauab ob f000 0 eng c |
| 005 |
20230113210917.4 |
| 035 |
|
|
|a (OCoLC)on1346858964
|
| 040 |
|
|
|a GPO
|b eng
|e rda
|e pn
|c GPO
|d MvI
|
| 042 |
|
|
|a pcc
|
| 043 |
|
|
|a n-us-pa
|
| 049 |
|
|
|a WWW
|
| 074 |
|
|
|a 0624-B-02 (online)
|
| 086 |
0 |
|
|a I 19.42/4-4:2014-5117
|
| 100 |
1 |
|
|a Senior, Lisa A.,
|0 https://id.loc.gov/authorities/names/n98109140
|e author.
|
| 245 |
1 |
2 |
|a A reconnaissance spatial and temporal baseline assessment of methane and inorganic constituents in groundwater in bedrock aquifers, Pike County, Pennsylvania, 2012-13 /
|c by Lisa A. Senior.
|
| 264 |
|
1 |
|a Reston, Virginia :
|b U.S. Department of the Interior, U.S. Geological Survey,
|c 2014.
|
| 300 |
|
|
|a 1 online resource (x, 91 pages) :
|b color illustrations, color maps.
|
| 336 |
|
|
|a text
|b txt
|2 rdacontent
|
| 337 |
|
|
|a computer
|b c
|2 rdamedia
|
| 338 |
|
|
|a online resource
|b cr
|2 rdacarrier
|
| 490 |
1 |
|
|a Scientific investigations report ;
|v 2014-5117
|
| 500 |
|
|
|a "Prepared in cooperation with the Pike County Conservation District."
|
| 500 |
|
|
|a GPO Cataloging Record Distribution Program (CRDP).
|
| 504 |
|
|
|a Includes bibliographical references (pages 51-55).
|
| 650 |
|
0 |
|a Groundwater
|x Pollution
|0 https://id.loc.gov/authorities/subjects/sh85145519
|z Pennsylvania
|z Pike County.
|0 https://id.loc.gov/authorities/names/n79029183-781
|
| 650 |
|
0 |
|a Aquifers
|0 https://id.loc.gov/authorities/subjects/sh85006264
|z Pennsylvania
|z Pike County.
|0 https://id.loc.gov/authorities/names/n79029183-781
|
| 650 |
|
0 |
|a Methane
|0 https://id.loc.gov/authorities/subjects/sh85084379
|z Pennsylvania
|z Pike County.
|0 https://id.loc.gov/authorities/names/n79029183-781
|
| 650 |
|
0 |
|a Inorganic wastes
|0 https://id.loc.gov/authorities/subjects/sh2004009518
|z Pennsylvania
|z Pike County.
|0 https://id.loc.gov/authorities/names/n79029183-781
|
| 710 |
2 |
|
|a Geological Survey (U.S.),
|0 https://id.loc.gov/authorities/names/n80092173
|e issuing body.
|
| 710 |
1 |
|
|a Pike County Conservation District (Pa.)
|0 https://id.loc.gov/authorities/names/no2009169716
|
| 830 |
|
0 |
|a Scientific investigations report ;
|0 https://id.loc.gov/authorities/names/n2004006657
|v 2014-5117.
|
| 856 |
4 |
0 |
|u https://purl.fdlp.gov/GPO/gpo187116
|t 0
|
| 999 |
f |
f |
|s 69d81a88-c583-4222-a225-603701be0944
|i 1ca3ce7b-292e-4e8c-a70c-e6dd23c1d14c
|t 0
|
| 952 |
f |
f |
|a Texas A&M University
|b College Station
|c Electronic Resources
|d Available Online
|t 0
|e I 19.42/4-4:2014-5117
|h Superintendent of Documents classification
|
| 998 |
f |
f |
|a I 19.42/4-4:2014-5117
|t 0
|l Available Online
|